[Event "Pozarevac Rudar 1st"]
[Site "Pozarevac"]
[Date "2022.03.25"]
[Round "1"]
[White "Spasic, Petar"]
[Black "Bura, Goran"]
[Result "0-1"]
[WhiteElo "2336"]
[BlackElo "2185"]
[PlyCount "62"]
[EventDate "2022.03.25"]
[EventType "tourn"]
[EventRounds "9"]
[EventCountry "SRB"]
[EventCategory "1"]
[SourceTitle "CBM 207 Extra"]
[Source "ChessBase"]
[SourceDate "2022.05.31"]
[SourceVersion "1"]
[SourceVersionDate "2022.05.31"]
[SourceQuality "1"]

1. e4 c5 2. Nc3 a6 3. f4 b5 4. Nf3 Bb7 5. d3 e6 6. g3 b4 7. Nb1 d5 8. exd5 Bxd5 9. Bg2 Nf6 10. 0-0 Be7 11. Nbd2 0-0 12. Qe2 Nbd7 13. Ne4 Qc7 14. Nfd2 g6 15. a4 a5 16. b3 Nxe4 17. dxe4 Bb7 18. Bb2 Ba6 19. Nc4 Rad8 20. Rf2 Rfe8 21. Re1 Nb6 22. Be5 Qa7 23. f5 Bxc4 24. bxc4 exf5 25. exf5 Bd6 26. Qd3 Qc7 27. fxg6 hxg6 28. Rd2 Bxe5 29. Rxe5 Qxe5 30. Qxd8 Rxd8 31. Rxd8+ Kg7 0-1

[Event "SRB-chT2 East"]
[Site "Serbia"]
[Date "2017.10.07"]
[Round "10.2"]
[White "Paunovic, Tomislav"]
[Black "Bura, Goran"]
[Result "1-0"]
[WhiteElo "2346"]
[BlackElo "2231"]
[PlyCount "103"]
[EventDate "2017.09.08"]
[EventType "team-tourn"]
[EventRounds "11"]
[EventCountry "SRB"]
[SourceTitle "EXT 2022"]
[Source "ChessBase"]
[SourceDate "2021.10.06"]
[SourceVersion "1"]
[SourceVersionDate "2021.10.06"]
[SourceQuality "1"]

1. d4 e6 2. Nf3 c5 3. e3 Nf6 4. c4 cxd4 5. exd4 d5 6. Nc3 Bb4 7. cxd5 Qxd5 8. Bd3 0-0 9. 0-0 Qa5 10. Qc2 Nbd7 11. a3 Bxc3 12. bxc3 b6 13. Rb1 Ba6 14. c4 Rfc8 15. Qe2 Qh5 16. Bf4 Nf8 17. Bg3 Ng6 18. Rbc1 Rd8 19. Rfd1 Rac8 20. Qe3 Qa5 21. h3 Qa4 22. Nd2 Bb7 23. Be2 Ne7 24. Bd3 Qd7 25. Nf3 Re8 26. Ne5 Qa4 27. Bh4 Ng6 28. Bc2 Qa5 29. Bg3 Nxe5 30. dxe5 Nh5 31. Bh4 Qc5 32. g4 Qxe3 33. fxe3 g5 34. Bxg5 Ng7 35. Rd7 Ba6 36. Bd3 Rc5 37. Bf6 Rec8 38. Rxa7 Bb5 39. Rf1 Be8 40. Rb1 R5c6 41. Rb7 Ra8 42. Be7 h5 43. R1xb6 hxg4 44. hxg4 Rxb6 45. Rxb6 Ba4 46. Bd6 Ne8 47. Rb8 Ra7 48. c5 Kg7 49. Be4 f5 50. gxf5 exf5 51. Ra8 Rxa8 52. Bxa8 1-0

[Event "SRB-chT2 East"]
[Site "Serbia"]
[Date "2017.09.10"]
[Round "5.6"]
[White "Markovic, Marko"]
[Black "Bura, Goran"]
[Result "1/2-1/2"]
[WhiteElo "2227"]
[BlackElo "2231"]
[PlyCount "130"]
[EventDate "2017.09.08"]
[EventType "team-tourn"]
[EventRounds "11"]
[EventCountry "SRB"]
[SourceTitle "EXT 2022"]
[Source "ChessBase"]
[SourceDate "2021.10.06"]
[SourceVersion "1"]
[SourceVersionDate "2021.10.06"]
[SourceQuality "1"]

1. e4 c5 2. Nc3 Nc6 3. Bb5 Nd4 4. Bc4 e6 5. Nge2 a6 6. Nxd4 cxd4 7. Ne2 b5 8. Bb3 Bc5 9. d3 Bb7 10. Ng3 Nf6 11. e5 Nd5 12. Qg4 g6 13. Ne4 h5 14. Qg3 Be7 15. h4 Nb4 16. Nd6+ Bxd6 17. exd6 Rc8 18. Bg5 f6 19. Bd2 Kf7 20. Bxb4 a5 21. Bd2 a4 22. Bxe6+ dxe6 23. 0-0-0 Qb6 24. Bb4 Qc6 25. Rd2 Qxg2 26. Qxg2 Bxg2 27. Rg1 Bf3 28. Rg3 Bg4 29. f3 Bf5 30. Rg1 Rc6 31. Kd1 Ke8 32. c3 dxc3 33. bxc3 Kd7 34. Ke2 Rcc8 35. Ke3 Rhg8 36. Rdg2 Rc6 37. Kd4 e5+ 38. Ke3 Rgc8 39. Kd2 Re8 40. a3 Rg8 41. Re1 Rcc8 42. Reg1 Rg7 43. Ke3 Rgg8 44. Rg3 g5 45. hxg5 h4 46. R3g2 h3 47. Rg3 fxg5 48. Kf2 Ke6 49. Rxg5 h2 50. Rxg8 Rxg8 51. Rh1 Rh8 52. Kg3 Bxd3 53. Rxh2 Rxh2 54. Kxh2 e4 55. f4 e3 56. Kg3 e2 57. Kf2 Kd7 58. Ke1 Kc6 59. Kd2 Kd7 60. Bc5 Kc6 61. Bb4 Kd7 62. Bc5 Kc6 63. Bb4 Kd7 64. Ke1 Ke6 65. Kf2 Kd7 1/2-1/2

[Event "SRB-chT Cup"]
[Site "Kragujevac"]
[Date "2017.04.30"]
[Round "2.2"]
[White "Bura, Goran"]
[Black "Grubisic, Ilija"]
[Result "0-1"]
[WhiteElo "2215"]
[BlackElo "2316"]
[PlyCount "92"]
[EventDate "2017.04.29"]
[EventType "team-swiss"]
[EventRounds "6"]
[EventCountry "SRB"]
[SourceTitle "EXT 2018"]
[Source "ChessBase"]
[SourceDate "2017.10.13"]
[SourceVersion "1"]
[SourceVersionDate "2017.10.13"]
[SourceQuality "1"]
[WhiteTeam "Pozarevac"]
[BlackTeam "Vrnjacka Banja Goc"]
[WhiteTeamCountry "SRB"]
[BlackTeamCountry "SRB"]

1. e4 c5 2. Nc3 a6 3. Nf3 d6 4. d4 cxd4 5. Nxd4 Nf6 6. f4 g6 7. Be2 Bg7 8. a4 0-0 9. Be3 Qc7 10. 0-0 Nbd7 11. a5 b5 12. axb6 Nxb6 13. Kh1 Bb7 14. Bf3 Nc4 15. Bc1 e5 16. Nde2 Rfe8 17. b3 Nb6 18. fxe5 dxe5 19. Qe1 Nfd7 20. Be3 Rad8 21. Qf2 Nc8 22. Ra4 Nd6 23. Bg5 f6 24. Be3 Rf8 25. g4 Rde8 26. Qg2 Kh8 27. Raa1 Nc5 28. Rad1 Ne6 29. Rd3 f5 30. gxf5 gxf5 31. Rfd1 fxe4 32. Bxe4 Nxe4 33. Nxe4 Qxc2 34. N2c3 Qxg2+ 35. Kxg2 Nf4+ 36. Kg3 Nxd3 37. Rxd3 Re6 38. Rd7 Rg6+ 39. Kh4 Bc8 40. Rc7 Bh6 41. Ng5 Bxg5+ 42. Bxg5 h6 43. Be7 Re8 44. Nd5 Be6 45. Kh5 Bf7 46. Bc5 Rf6+ 0-1

[Event "SRB-chT2 East CS"]
[Site "Kragujevac"]
[Date "2016.10.08"]
[Round "9.6"]
[White "Livaja, Mario"]
[Black "Bura, Goran"]
[Result "1-0"]
[WhiteElo "2218"]
[BlackElo "2214"]
[PlyCount "109"]
[EventDate "2016.08.26"]
[EventType "team-tourn"]
[EventRounds "11"]
[EventCountry "SRB"]
[SourceTitle "EXT 2021"]
[Source "ChessBase"]
[SourceDate "2020.10.23"]
[SourceVersion "1"]
[SourceVersionDate "2020.10.23"]
[SourceQuality "1"]

1. d4 Nf6 2. c4 g6 3. Nc3 Bg7 4. e4 d6 5. Nf3 0-0 6. Be2 Qe8 7. 0-0 e5 8. d5 a5 9. Ne1 Na6 10. Nd3 Nd7 11. Be3 f5 12. f3 b6 13. a3 Nac5 14. Nb5 Qd8 15. Nxc5 bxc5 16. a4 f4 17. Bd2 Nb8 18. Bc3 Rf7 19. Qd2 g5 20. Bxa5 h5 21. h3 Bf6 22. Bd1 Na6 23. Kf2 Rg7 24. Ke2 g4 25. hxg4 hxg4 26. Kd3 Bh4 27. Rh1 Bg3 28. Kc2 Qf6 29. b3 Qg6 30. Kb2 Bb7 31. Bc2 Rf8 32. Raf1 Rff7 33. Bc3 Rh7 34. Na7 Bh2 35. fxg4 Qxg4 36. Bd1 Qg6 37. Bf3 Rfg7 38. Ka3 Qe8 39. Qe2 Qd7 40. Rd1 Nb8 41. Nb5 Bc8 42. Ba5 Na6 43. Na7 Bb7 44. Qd2 Kf8 45. Qe2 Kg8 46. Bh5 Bg3 47. Rh3 Nb8 48. Nb5 Na6 49. Rdh1 Bc8 50. Na7 Bb7 51. Qd1 Nb8 52. Bg4 Qe7 53. Be6+ Kf8 54. Rxh7 Rxh7 55. Qg4 1-0

[Event "SRB-chT2 East"]
[Site "Vrnjacka Banja"]
[Date "2015.10.10"]
[Round "9.22"]
[White "Bura, Goran"]
[Black "Petrovic, Dragan R"]
[Result "0-1"]
[WhiteElo "2270"]
[BlackElo "2201"]
[PlyCount "65"]
[EventDate "2015.08.28"]
[EventType "team-tourn"]
[EventRounds "11"]
[EventCountry "SRB"]
[SourceTitle "EXT 2022"]
[Source "ChessBase"]
[SourceDate "2021.10.06"]
[SourceVersion "1"]
[SourceVersionDate "2021.10.06"]
[SourceQuality "1"]

1. e4 d6 2. d4 g6 3. Nf3 Bg7 4. c3 Nf6 5. Nbd2 0-0 6. Bd3 c5 7. d5 e5 8. dxe6 fxe6 9. 0-0 d5 10. Re1 Nc6 11. Qe2 Nh5 12. g3 Qf6 13. e5 Qe7 14. Nf1 Bd7 15. Ne3 Rxf3 16. Qxf3 Nxe5 17. Qe2 Rf8 18. f4 Nxf4 19. gxf4 Rxf4 20. Rf1 Rh4 21. Ng2 Rh3 22. Bc2 d4 23. Bd1 Bc6 24. Qf2 Nd3 25. Qd2 Be5 26. Bg4 Bxh2+ 27. Kh1 Rh4 28. Bf3 Bf4+ 29. Nxh4 Qxh4+ 30. Kg1 Bxd2 31. Bxc6 Bxc1 32. Raxc1 Nxc1 33. Bxb7 0-1

[Event "SRB-chT2 East"]
[Site "Vrnjacka Banja"]
[Date "2015.08.30"]
[Round "4.6"]
[White "Radovic, Luka"]
[Black "Bura, Goran"]
[Result "0-1"]
[WhiteElo "2286"]
[BlackElo "2270"]
[PlyCount "58"]
[EventDate "2015.08.28"]
[EventType "team-tourn"]
[EventRounds "11"]
[EventCountry "SRB"]
[SourceTitle "EXT 2022"]
[Source "ChessBase"]
[SourceDate "2021.10.06"]
[SourceVersion "1"]
[SourceVersionDate "2021.10.06"]
[SourceQuality "1"]

1. Nf3 g6 2. g3 Bg7 3. c4 e5 4. Nc3 Ne7 5. Bg2 Nbc6 6. 0-0 0-0 7. d3 d6 8. Rb1 a5 9. a3 Nd4 10. e3 Nxf3+ 11. Bxf3 c6 12. b4 axb4 13. axb4 f5 14. Qb3 Be6 15. b5 Qd7 16. Bd2 Ra7 17. bxc6 bxc6 18. Na4 g5 19. Bc3 f4 20. Be4 f3 21. d4 exd4 22. Bxd4 Bxd4 23. exd4 Bf5 24. Nb6 Qe6 25. Bxf3 Bxb1 26. Rxb1 Qf5 27. Bg2 Qxf2+ 28. Kh1 Ra2 29. Rg1 Rb2 0-1

[Event "SRB-chT2 East"]
[Site "Vrnjacka Banja"]
[Date "2015.08.28"]
[Round "1.5"]
[White "Nadj Hedjesi, Balind"]
[Black "Bura, Goran"]
[Result "1-0"]
[WhiteElo "2399"]
[BlackElo "2270"]
[PlyCount "59"]
[EventDate "2015.08.28"]
[EventType "team-tourn"]
[EventRounds "11"]
[EventCountry "SRB"]
[SourceTitle "EXT 2022"]
[Source "ChessBase"]
[SourceDate "2021.10.06"]
[SourceVersion "1"]
[SourceVersionDate "2021.10.06"]
[SourceQuality "1"]

1. e4 c5 2. Ne2 Nc6 3. g3 g6 4. Bg2 Bg7 5. c3 e5 6. a3 a5 7. 0-0 Nge7 8. d3 0-0 9. Be3 d6 10. d4 exd4 11. cxd4 Qb6 12. d5 Ne5 13. Qc2 Ng4 14. Bc1 f5 15. Nd2 fxe4 16. Nc4 Qd8 17. Bf4 Ra6 18. Rad1 b5 19. Nxd6 Rxd6 20. Qxc5 Ne5 21. Bxe4 Nf5 22. Nc3 Nd7 23. Qxb5 Ba6 24. Qa4 Bxf1 25. Bxf5 Nc5 26. Qc2 Rxf5 27. Bxd6 Qxd6 28. Kxf1 Bxc3 29. bxc3 Rxd5 30. Qa2 1-0

[Event "Veliko Gradiste Silver Lake op-A"]
[Site "Veliko Gradiste"]
[Date "2015.06.26"]
[Round "7"]
[White "Bura, Goran"]
[Black "Nestorovic, Dejan"]
[Result "1/2-1/2"]
[WhiteElo "2261"]
[BlackElo "2425"]
[PlyCount "46"]
[EventDate "2015.06.20"]
[EventType "swiss"]
[EventRounds "9"]
[EventCountry "SRB"]
[SourceTitle "CBM 167 Extra"]
[Source "ChessBase"]
[SourceDate "2015.09.14"]
[SourceVersion "1"]
[SourceVersionDate "2015.09.14"]
[SourceQuality "1"]

1. e4 c5 2. Nf3 e6 3. c3 Nf6 4. e5 Nd5 5. g3 Nc6 6. Bg2 Qc7 7. Qe2 b6 8. 0-0 Bb7 9. Re1 h6 10. h4 0-0-0 11. Na3 a6 12. d3 d6 13. exd6 Bxd6 14. Nc4 Be7 15. a4 Kb8 16. Bd2 Ka7 17. Rad1 Rhe8 18. Nfe5 Nxe5 19. Nxe5 Bf6 20. Ng4 Be7 21. Ne5 Bf6 22. Ng4 Be7 23. Ne5 Bf6 1/2-1/2

[Event "Veliko Gradiste Silver Lake op-A"]
[Site "Veliko Gradiste"]
[Date "2015.06.24"]
[Round "5"]
[White "Bura, Goran"]
[Black "Leskur, Dejan"]
[Result "1/2-1/2"]
[WhiteElo "2261"]
[BlackElo "2399"]
[PlyCount "35"]
[EventDate "2015.06.20"]
[EventType "swiss"]
[EventRounds "9"]
[EventCountry "SRB"]
[SourceTitle "CBM 167 Extra"]
[Source "ChessBase"]
[SourceDate "2015.09.14"]
[SourceVersion "1"]
[SourceVersionDate "2015.09.14"]
[SourceQuality "1"]

1. e4 g6 2. d4 Bg7 3. Nf3 d6 4. c3 Nf6 5. Bd3 0-0 6. 0-0 c5 7. h3 Nc6 8. d5 Ne5 9. Nxe5 dxe5 10. Re1 e6 11. c4 exd5 12. cxd5 Ne8 13. Nc3 Bd7 14. Bd2 Nd6 15. a4 a6 16. a5 Bb5 17. Be3 c4 18. Bf1 1/2-1/2

[Event "Pozarevac-ch"]
[Site "Pozarevac"]
[Date "2014.12.27"]
[Round "3"]
[White "Bura, Goran"]
[Black "Todorovic, Goran M"]
[Result "0-1"]
[WhiteElo "2239"]
[BlackElo "2468"]
[PlyCount "66"]
[EventDate "2014.12.26"]
[EventType "swiss"]
[EventRounds "5"]
[EventCountry "SRB"]
[SourceTitle "CBM 164 Extra"]
[Source "ChessBase"]
[SourceDate "2015.03.02"]
[SourceVersion "1"]
[SourceVersionDate "2015.03.02"]
[SourceQuality "1"]

1. Nf3 d5 2. g3 c5 3. Bg2 Nc6 4. 0-0 e5 5. d3 f6 6. e4 Nge7 7. Nc3 Be6 8. a3 d4 9. Ne2 Qd7 10. Nd2 g5 11. f4 g4 12. Rb1 Nc8 13. a4 Nd6 14. b3 Nb4 15. Ra1 0-0-0 16. Nc4 Nxc4 17. bxc4 h5 18. Rf2 Bd6 19. c3 dxc3 20. Nxc3 exf4 21. gxf4 h4 22. Nd5 g3 23. Rf1 Rdg8 24. e5 gxh2+ 25. Kxh2 h3 26. Bf3 Qg7 27. Qe2 Qg2+ 28. Bxg2 hxg2+ 29. Kg1 Rh1+ 30. Kf2 Rxf1+ 31. Qxf1 Nxd3+ 32. Kg1 gxf1Q+ 33. Kxf1 fxe5 0-1

[Event "SRB Central-ch op"]
[Site "Vrnjacka Banja"]
[Date "2014.03.21"]
[Round "7"]
[White "Bura, Goran"]
[Black "Petrovic, Zoran Z"]
[Result "1/2-1/2"]
[WhiteElo "2222"]
[BlackElo "2056"]
[PlyCount "97"]
[EventDate "2014.03.17"]
[EventType "swiss"]
[EventRounds "9"]
[EventCountry "SRB"]
[SourceTitle "CBM 159 Extra"]
[Source "ChessBase"]
[SourceDate "2014.04.24"]
[SourceVersion "1"]
[SourceVersionDate "2014.04.24"]
[SourceQuality "1"]

1. e4 c5 2. Nc3 Nc6 3. Bb5 Nd4 4. Bc4 d6 5. Nf3 e6 6. Nxd4 cxd4 7. Ne2 Qb6 8. 0-0 Nf6 9. d3 Be7 10. c3 dxc3 11. Nxc3 0-0 12. Be3 Qd8 13. Bb3 d5 14. Bf4 a6 15. e5 Nd7 16. Qg4 f5 17. exf6 Nxf6 18. Qe2 Qe8 19. Be5 Bd7 20. d4 Kh8 21. Bc2 b5 22. a3 Rc8 23. Bd3 Qf7 24. f4 Kg8 25. g4 g6 26. g5 Ne8 27. Nd1 Bd6 28. Ne3 Bxe5 29. fxe5 Qe7 30. Rxf8+ Kxf8 31. Rf1+ Kg7 32. Rf6 Qd8 33. Qf2 Nxf6 34. gxf6+ Kg8 35. Qh4 Be8 36. Ng4 Qc7 37. f7+ Bxf7 38. Nf6+ Kf8 39. Nxh7+ Kg7 40. Ng5 Qc1+ 41. Bf1 Qe3+ 42. Kh1 Rh8 43. Nxe6+ Bxe6 44. Qf6+ Kh7 45. Qe7+ Kh6 46. Qh4+ Kg7 47. Qf6+ Kh7 48. Qe7+ Bf7 49. Qxf7+ 1/2-1/2

[Event "SRB Central-ch op"]
[Site "Vrnjacka Banja"]
[Date "2014.03.20"]
[Round "5"]
[White "Bura, Goran"]
[Black "Ilic, Zoran S"]
[Result "1/2-1/2"]
[WhiteElo "2222"]
[BlackElo "2297"]
[PlyCount "57"]
[EventDate "2014.03.17"]
[EventType "swiss"]
[EventRounds "9"]
[EventCountry "SRB"]
[SourceTitle "CBM 159 Extra"]
[Source "ChessBase"]
[SourceDate "2014.04.24"]
[SourceVersion "1"]
[SourceVersionDate "2014.04.24"]
[SourceQuality "1"]

1. e4 c5 2. Nc3 e6 3. f4 a6 4. Nf3 Nc6 5. g4 d5 6. d3 b5 7. Bg2 Bb7 8. exd5 exd5 9. 0-0 Nge7 10. Re1 h5 11. Ne5 Nxe5 12. Rxe5 f6 13. Rxh5 Rxh5 14. gxh5 Qd7 15. Qf3 0-0-0 16. Bd2 Kb8 17. Bh3 f5 18. d4 Nc6 19. Ne2 Re8 20. Be3 Re4 21. Ng3 Nxd4 22. Bxd4 Rxd4 23. Nxf5 Re4 24. Qg4 Qc7 25. Rf1 Ka7 26. Bg2 Re8 27. Qg6 Re2 28. Ng3 Rd2 29. Nf5 1/2-1/2

[Event "SRB Central-ch op"]
[Site "Vrnjacka Banja"]
[Date "2014.03.18"]
[Round "2"]
[White "Ratkovic, Petar"]
[Black "Bura, Goran"]
[Result "1/2-1/2"]
[WhiteElo "1783"]
[BlackElo "2222"]
[PlyCount "93"]
[EventDate "2014.03.17"]
[EventType "swiss"]
[EventRounds "9"]
[EventCountry "SRB"]
[SourceTitle "CBM 159 Extra"]
[Source "ChessBase"]
[SourceDate "2014.04.24"]
[SourceVersion "1"]
[SourceVersionDate "2014.04.24"]
[SourceQuality "1"]

1. d4 Nf6 2. Nf3 g6 3. Nc3 d5 4. Bf4 Bg7 5. e3 0-0 6. h3 c5 7. Be2 Nc6 8. 0-0 Ne4 9. Na4 Qa5 10. c3 Rd8 11. Nxc5 Nxc5 12. dxc5 Qxc5 13. Rc1 e5 14. Bh2 a5 15. a4 f6 16. Qb3 Be6 17. Rfd1 Bf7 18. Qb5 Bf8 19. Nd2 Na7 20. Qxc5 Bxc5 21. c4 Bb4 22. cxd5 Bxd5 23. Nc4 Rac8 24. Nb6 Rxc1 25. Rxc1 Bc6 26. Rd1 Rxd1+ 27. Bxd1 Bc5 28. Nc4 b6 29. Kf1 Bd5 30. Bb3 Kf7 31. Nxa5 Ke6 32. e4 bxa5 33. Bxd5+ Kd6 34. h4 h6 35. Bf7 g5 36. hxg5 hxg5 37. g3 Bd4 38. b3 Kc5 39. Ke2 Kb4 40. f4 gxf4 41. gxf4 Nc8 42. fxe5 fxe5 43. Bg3 Ne7 44. Kd3 Kc5 45. Be1 Nc6 46. Bd5 Nb4+ 47. Bxb4+ 1/2-1/2

[Event "Pozarevac City-chB"]
[Site "Pozarevac"]
[Date "2013.12.29"]
[Round "4"]
[White "Jovanovic, Bojan P"]
[Black "Bura, Goran"]
[Result "1/2-1/2"]
[WhiteElo "2235"]
[BlackElo "2216"]
[PlyCount "73"]
[EventDate "2013.12.27"]
[EventType "swiss"]
[EventRounds "5"]
[EventCountry "SRB"]
[SourceTitle "CBM 158 Extra"]
[Source "ChessBase"]
[SourceDate "2014.02.28"]
[SourceVersion "1"]
[SourceVersionDate "2014.02.28"]
[SourceQuality "1"]

1. d4 g6 2. c4 Nf6 3. Nf3 Bg7 4. Bf4 0-0 5. e3 d6 6. h3 c5 7. Nc3 Qa5 8. Qd2 cxd4 9. exd4 e5 10. Nb5 Qxd2+ 11. Bxd2 Nc6 12. d5 e4 13. Nh2 Ne5 14. Nxd6 Rd8 15. Nb5 Bd7 16. Nd4 Rac8 17. Rc1 Re8 18. Be3 Nxd5 19. cxd5 Rxc1+ 20. Bxc1 Nd3+ 21. Bxd3 exd3+ 22. Be3 Bxd4 23. Kd2 Bxe3+ 24. fxe3 Re5 25. Nf3 Rxd5 26. Rc1 Ra5 27. a3 Bc6 28. Kxd3 Rd5+ 29. Nd4 Rd7 30. Rc2 f5 31. Rf2 Be4+ 32. Kc3 h5 33. h4 Kg7 34. g3 Kf6 35. Kd2 g5 36. hxg5+ Kxg5 37. Rf4 1/2-1/2

[Event "SRB Central-ch op"]
[Site "Pozarevac"]
[Date "2013.02.23"]
[Round "8"]
[White "Ilic, Zoran S"]
[Black "Bura, Goran"]
[Result "0-1"]
[WhiteElo "2293"]
[BlackElo "2209"]
[PlyCount "102"]
[EventDate "2013.02.18"]
[EventType "swiss"]
[EventRounds "9"]
[EventCountry "SRB"]
[SourceTitle "CBM 153 Extra"]
[Source "ChessBase"]
[SourceDate "2013.04.22"]
[SourceVersion "1"]
[SourceVersionDate "2013.04.22"]
[SourceQuality "1"]

1. d4 Nf6 2. Nf3 g6 3. c4 Bg7 4. g3 0-0 5. Bg2 d6 6. 0-0 c6 7. b3 Qa5 8. Bb2 Qh5 9. Nbd2 Bg4 10. Qc2 Nbd7 11. e4 e5 12. Nh4 exd4 13. Bxd4 Qa5 14. h3 Be6 15. Qb2 Nh5 16. Rfd1 Ne5 17. Qc2 b5 18. cxb5 cxb5 19. Ndf3 h6 20. Bb2 Rac8 21. Qe2 Qb6 22. Nd4 Bd7 23. Kh2 Qd8 24. Rd2 Qg5 25. Nhf3 Qe7 26. Nxe5 Bxe5 27. Nxb5 Rc5 28. Nd4 Qg5 29. Rd3 Rfc8 30. Qd2 Qf6 31. Rf3 Qg7 32. Rd1 g5 33. Nf5 Bxf5 34. Bxe5 Rxe5 35. Rxf5 Re6 36. Qd4 Rc7 37. Qb4 Rc2 38. Ra5 Rc7 39. Ra6 Rd7 40. g4 Nf6 41. Ra4 Kf8 42. Rd4 Ke7 43. Bf1 Rc7 44. Bd3 Re5 45. Ra6 Re6 46. f3 Nd7 47. Bc4 Rf6 48. Kg2 Ne5 49. Be2 Nxf3 50. Ra4 Rc2 51. e5 Nxe5 0-1

[Event "SRB Central-ch op"]
[Site "Pozarevac"]
[Date "2013.02.21"]
[Round "5"]
[White "Bura, Goran"]
[Black "Kostic, Tomislav"]
[Result "1/2-1/2"]
[WhiteElo "2209"]
[BlackElo "1920"]
[PlyCount "86"]
[EventDate "2013.02.18"]
[EventType "swiss"]
[EventRounds "9"]
[EventCountry "SRB"]
[SourceTitle "CBM 153 Extra"]
[Source "ChessBase"]
[SourceDate "2013.04.22"]
[SourceVersion "1"]
[SourceVersionDate "2013.04.22"]
[SourceQuality "1"]

1. d4 Nf6 2. c4 e6 3. g3 Bb4+ 4. Bd2 Be7 5. Bg2 d5 6. Nf3 0-0 7. 0-0 dxc4 8. Qc2 c5 9. dxc5 Nc6 10. Qxc4 Qd5 11. Qa4 Qxc5 12. Na3 Nd5 13. Rfc1 Nb6 14. Qb3 Qh5 15. Be3 Nd5 16. Bc5 Rd8 17. e4 Nf6 18. Bxe7 Nxe7 19. e5 Nfd5 20. Nb5 Bd7 21. Nd6 Bc6 22. h3 Nb6 23. g4 Qh6 24. Rd1 Ba4 25. Qa3 Bxd1 26. Rxd1 Nc6 27. g5 Qg6 28. Rc1 Rxd6 29. exd6 Rd8 30. b4 a6 31. b5 axb5 32. Qc5 Nc8 33. Rd1 Qf5 34. Qxf5 exf5 35. Rd5 Nxd6 36. Bf1 Kf8 37. Bxb5 Nxb5 38. Rxb5 Ra8 39. Rxb7 Rxa2 40. Rc7 Nd8 41. Rc5 g6 42. Kg2 Ne6 43. Rc8+ Kg7 1/2-1/2

[Event "SRB Central-ch op"]
[Site "Pozarevac"]
[Date "2013.02.21"]
[Round "6"]
[White "Doncic, Dragoljub"]
[Black "Bura, Goran"]
[Result "0-1"]
[WhiteElo "1844"]
[BlackElo "2209"]
[PlyCount "85"]
[EventDate "2013.02.18"]
[EventType "swiss"]
[EventRounds "9"]
[EventCountry "SRB"]
[SourceTitle "CBM 153 Extra"]
[Source "ChessBase"]
[SourceDate "2013.04.22"]
[SourceVersion "1"]
[SourceVersionDate "2013.04.22"]
[SourceQuality "1"]

1. d4 Nf6 2. c4 e6 3. Nc3 Bb4 4. Qb3 c5 5. dxc5 Na6 6. Bd2 0-0 7. Nf3 h6 8. e3 Bxc3 9. Bxc3 Nxc5 10. Qc2 b6 11. Be2 Bb7 12. 0-0 Nfe4 13. Bb4 f5 14. Rfd1 d6 15. Bxc5 bxc5 16. Ne1 Qg5 17. Bf3 Qe7 18. Rac1 a5 19. b3 Ra6 20. Nd3 Rb6 21. Nf4 Qf6 22. Nh5 Qf7 23. Ng3 Qg6 24. Bxe4 fxe4 25. Rd2 Rc8 26. Ne2 d5 27. Nf4 Qf5 28. cxd5 exd5 29. Qc3 Ra6 30. Ne2 Qg5 31. Rcd1 d4 32. Qc4+ Kh7 33. Nf4 Qe5 34. g3 d3 35. Rc1 Rc7 36. a3 Rb6 37. Qc3 Qxc3 38. Rxc3 g5 39. Ng2 Bd5 40. Rb2 c4 41. f3 Rcb7 42. fxe4 Rxb3 43. exd5 0-1

[Event "SRB-chT3 East CS"]
[Site "Serbia"]
[Date "2012.09.28"]
[Round "1.11"]
[White "Bura, Goran"]
[Black "Djordjevic, Radomir"]
[Result "1-0"]
[WhiteElo "2235"]
[BlackElo "2146"]
[PlyCount "59"]
[EventDate "2012.09.28"]
[EventType "team"]
[EventRounds "10"]
[EventCountry "SRB"]
[SourceTitle "EXT 2015"]
[Source "ChessBase"]
[SourceDate "2014.11.20"]
[SourceVersion "1"]
[SourceVersionDate "2014.11.20"]
[SourceQuality "1"]

1. e4 e5 2. Nf3 Nc6 3. Bb5 Bc5 4. c3 Qe7 5. 0-0 a6 6. Bc4 Nf6 7. d4 Bb6 8. Bg5 d6 9. h3 0-0 10. Re1 Nb8 11. Nbd2 c5 12. dxe5 dxe5 13. Nf1 Nc6 14. Ne3 Bd8 15. Nd5 Qe8 16. Bxf6 Bxf6 17. Nxf6+ gxf6 18. Nh4 Kh8 19. Qf3 Qe7 20. Rad1 Be6 21. Bd5 Rad8 22. Qh5 Rg8 23. Kh1 Qf8 24. Re3 Rg5 25. Qf3 Qe7 26. Rdd3 Rgg8 27. Kh2 Nb8 28. Qh5 Rg5 29. Qh6 f5 30. Bxe6 1-0